000 00478nam a2200157Ia 4500
008 151213s9999 xx 000 0 und d
100 _aAdrian Doft, Christopher Jones
245 _aLanguage In Use, Self- Study Workbook
_cAdrian Doft, Christopher Jones
250 _ad
260 _aNew York
_bCambridge University Press
_c1999
300 _a5262 p.
650 _aEnglish Literature
650 _aEnglish Literature
700 _aAdrian Doft, Christopher Jones
999 _c3249
_d3249